000 01207nam a2200253Ia 4500
003 Ost
005 20260507075802.0
008 260507s9999||||xx |||||||||||||| ||und||
020 _a9789961673416
040 _cfsecg
041 _aara
082 _a658
100 _aحروش، رفيقة
_eمؤلف
245 0 _aتسيير المؤسسات /
_c رفيقة حروش
260 _aالجزائر :
_bدار الأمة ,
_c2021
300 _a257 صفحة؛
_bإيضاحات ؛
_c24 سم
504 _aبيبليوغرافيا: ص ص.249-254
520 _aيضم مدخل إلى تحليل المؤسسة الاقتصادية، محيط بيئة المؤسسة، الاطار المفاهيمي للتسير، تطور الفكر الإداري، وظائف التسيير منا التخطيط والتخطيط الإستراتيجي، التنظيم والهياكل التنظيمية، التوجيه، الرقابة، إتخاذ القرار، ثقافة المؤسسة.
653 _aإدارة الأعمال
653 _aالتخطيط الاستراتيجي
653 _aالمؤسسات التجارية
700 _aكنار، بهية
_eمؤلف ثانوي
942 _cكتاب
999 _c46295
_d46295